| 000 | 00729cam a22002531 4500 | ||
|---|---|---|---|
| 999 |
_c5477 _d5477 |
||
| 001 | 8363315 | ||
| 003 | GBCCL | ||
| 005 | 20241126110543.0 | ||
| 008 | 750828s1950 xx j 000 0 eng | ||
| 010 | _a 50011857 | ||
| 035 | _a(OCoLC)1577823 | ||
| 040 |
_aDLC _cFM _dDLC |
||
| 042 | _apremarc | ||
| 050 | 0 | 0 |
_aPZ7.C7785 _bYo |
| 082 |
_a813.54 _bCOO |
||
| 100 | 1 |
_aCoombs, Charles Ira, _d1914- _99861 |
|
| 245 | 1 | 0 |
_aYoung readers baseball stories; _cillustrated by Richard Osborne. |
| 260 |
_aNew York, _bLantern Press _c[1950] |
||
| 300 |
_a190 p. _billus. _c21 cm. |
||
| 440 | 0 |
_aYoung readers bookshelf _99862 |
|
| 650 |
_aJuvenile fiction _99863 |
||
| 906 |
_a7 _bcbc _coclcrpl _du _encip _f19 _gy-gencatlg |
||
| 942 |
_2ddc _cBK |
||